[Event "Stein am Rhein op 2nd"]
[Site "Stein am Rhein"]
[Date "2014.03.01"]
[Round "3"]
[White "Koelbl, Ines"]
[Black "Onda, Walter"]
[Result "1/2-1/2"]
[WhiteElo "1771"]
[BlackElo "1894"]
[PlyCount "54"]
[EventDate "2014.02.28"]
[EventType "swiss"]
[EventRounds "5"]
[EventCountry "SUI"]
[SourceTitle "CBM 159 Extra"]
[Source "ChessBase"]
[SourceDate "2014.04.24"]
[SourceVersion "1"]
[SourceVersionDate "2014.04.24"]
[SourceQuality "1"]

1. d4 f5 2. c4 Nf6 3. Nc3 d6 4. Qc2 g6 5. g3 Bg7 6. Bg2 0-0 7. Bd2 Nc6 8. e3 Bd7 9. Nge2 Rb8 10. 0-0 e5 11. dxe5 dxe5 12. e4 h6 13. Rad1 Nd4 14. Nxd4 exd4 15. Nd5 fxe4 16. Nxf6+ Qxf6 17. Bxe4 Bc6 18. Bf4 Rbc8 19. c5 Bxe4 20. Qxe4 c6 21. Rd2 g5 22. Bd6 Rfe8 23. Qg4 b5 24. Rfd1 Qg6 25. Rd3 a5 26. Rf3 Qe4 27. Qh5 Qg6 1/2-1/2

[Event "Schoenenwerd Weekend op"]
[Site "Schoenenwerd"]
[Date "2012.02.12"]
[Round "4"]
[White "Zahner, Rolf"]
[Black "Onda, Walter"]
[Result "1/2-1/2"]
[WhiteElo "1658"]
[BlackElo "1941"]
[PlyCount "40"]
[EventDate "2012.02.10"]
[EventType "swiss"]
[EventRounds "5"]
[EventCountry "SUI"]
[SourceTitle "EXT 2022"]
[Source "ChessBase"]
[SourceDate "2021.10.06"]
[SourceVersion "1"]
[SourceVersionDate "2021.10.06"]
[SourceQuality "1"]

1. e4 e6 2. d4 d5 3. e5 c5 4. c3 Nc6 5. a3 Bd7 6. b4 cxd4 7. cxd4 Qb6 8. Nf3 Nh6 9. Be2 Nf5 10. Be3 Be7 11. 0-0 0-0 12. Nc3 f6 13. Na4 Qd8 14. exf6 Bxf6 15. Nc5 b6 16. Nxd7 Qxd7 17. Bb5 a6 18. Bxc6 Qxc6 19. Rc1 Qd6 20. Qd3 Nxe3 1/2-1/2